[Event "European Blitz 2016"]
[Site "Tallinn EST"]
[Date "2016.12.17"]
[Round "11.17"]
[White "Movsesian, Sergei"]
[Black "Meskovs, Nikita"]
[Result "1-0"]
[WhiteTitle "GM"]
[BlackTitle "IM"]
[WhiteElo "2673"]
[BlackElo "2489"]
[WhiteFideId "310204"]
[BlackFideId "11602740"]
[EventDate "2016.12.17"]

1. Nf3 Nf6 2. g3 e6 3. Bg2 Be7 4. O-O O-O 5. c4 b6 6. b3 Bb7 7. Bb2 d5 8. e3
Nbd7 9. Qe2 Re8 10. d4 Ne4 11. Nbd2 Ndf6 12. Rfd1 a5 13. a3 Bd6 14. Ne5 Qe7 15.
Nf1 Bxe5 16. dxe5 Nd7 17. Qc2 Rac8 18. b4 h5 19. h4 Red8 20. cxd5 exd5 21. f3
Nxe5 22. fxe4 dxe4 23. Bxe5 Qxe5 24. bxa5 bxa5 25. Rab1 Bd5 26. Qc5 a4 27. Rb4
Rd6 28. Rxe4 Qf5 29. Rf4 Qe6 30. Rxd5 1-0

[Event "European Blitz 2016"]
[Site "Tallinn EST"]
[Date "2016.12.17"]
[Round "11.18"]
[White "Zubritskiy, Artyom"]
[Black "Munoz, Miguel"]
[Result "0-1"]
[WhiteTitle "IM"]
[BlackTitle "GM"]
[WhiteElo "2442"]
[BlackElo "2473"]
[WhiteFideId "4181247"]
[BlackFideId "3800229"]
[EventDate "2016.12.17"]

1. d4 c5 2. d5 Nf6 3. Nf3 g6 4. c4 Bg7 5. Nc3 O-O 6. g3 d6 7. Bg2 e5 8. O-O Ne8
9. e4 f5 10. exf5 gxf5 11. Ng5 e4 12. g4 e3 13. Ne6 exf2+ 14. Kh1 Bxe6 15. dxe6
Nc6 16. gxf5 Rxf5 17. Qg4 Rf8 18. Nd5 Nf6 19. Qg3 Nxd5 20. cxd5 Ne5 21. Rxf2
Rxf2 22. Qxf2 Qe7 23. Qg3 Kh8 24. Bg5 Bf6 25. Bxf6+ Qxf6 26. Rf1 Qe7 27. Be4 Rg8
28. Qh3 Rg7 29. Qh5 Kg8 30. Qf5 Ng4 31. Qf4 Ne5 32. Qf5 b5 33. Qf4 b4 34. b3 a5
35. Qf5 Ng4 36. Qf4 Ne5 37. Qf5 Rg5 38. Qf4 Qg7 39. Qh4 h6 40. e7 Qxe7 41. Qxh6
Rg7 42. Bf5 Nf7 43. Be6 Qe8 44. Rf2 Qe7 45. h3 Qe8 46. Rf3 Qe7 47. Rf5 a4 48.
Rh5 Kf8 49. Qh8+ Rg8 50. Qh7 Qf6 51. Qxf7+ Qxf7 52. Bxf7 Kxf7 53. Rh6 axb3 54.
axb3 Rg3 55. Kh2 Rxb3 56. Rxd6 Rc3 57. h4 b3 58. h5 c4 59. h6 b2 60. Rb6 Rb3 61.
h7 Kg7 0-1

[Event "European Blitz 2016"]
[Site "Tallinn EST"]
[Date "2016.12.17"]
[Round "11.19"]
[White "Kozul, Zdenko"]
[Black "Sarana, Alexey"]
[Result "1-0"]
[WhiteTitle "GM"]
[BlackTitle "IM"]
[WhiteElo "2613"]
[BlackElo "2457"]
[WhiteFideId "14502879"]
[BlackFideId "24133795"]
[EventDate "2016.12.17"]

1. Nf3 d5 2. g3 Nf6 3. Bg2 g6 4. O-O Bg7 5. d4 c6 6. c3 O-O 7. Bf4 Nh5 8. Be3
Nd7 9. a4 e5 10. dxe5 Nxe5 11. Nxe5 Bxe5 12. Bd4 Bxd4 13. Qxd4 Qb6 14. b4 Bf5
15. Nd2 Qxd4 16. cxd4 Nf6 17. Rfc1 a6 18. Nb3 Nd7 19. a5 Rfe8 20. e3 Re7 21. Rc3
Nf6 22. f3 Kg7 23. Kf2 h5 24. Nc5 Rae8 25. Re1 Bc8 26. h3 Rd8 27. Rd3 Ne8 28. e4
dxe4 29. fxe4 Nd6 30. d5 Nc4 31. dxc6 Rxd3 32. Nxd3 bxc6 33. e5 Bf5 34. Nc5 Nxe5
35. Bf1 g5 36. Nxa6 Bxh3 37. Rxe5 Rxe5 38. Bxh3 f5 39. Nc5 Rd5 40. Ke2 g4 41.
Bg2 Rd4 42. Nd3 h4 43. a6 h3 44. Bxc6 Rd6 45. a7 1-0

[Event "European Blitz 2016"]
[Site "Tallinn EST"]
[Date "2016.12.17"]
[Round "11.20"]
[White "Agrest, Evgenij"]
[Black "Pavlidis, Antonios"]
[Result "0-1"]
[WhiteTitle "GM"]
[BlackTitle "GM"]
[WhiteElo "2593"]
[BlackElo "2532"]
[WhiteFideId "1705024"]
[BlackFideId "4212312"]
[EventDate "2016.12.17"]

1. c4 Nf6 2. Nf3 g6 3. d4 Bg7 4. Nc3 O-O 5. Bg5 d6 6. e3 h6 7. Bh4 c5 8. d5 g5
9. Bg3 Nh5 10. Bd3 f5 11. Nd2 Nxg3 12. hxg3 Nd7 13. Qc2 Ne5 14. Be2 a6 15. f4
Nd7 16. Bd3 Nb8 17. fxg5 hxg5 18. g4 b5 19. Bxf5 Bxf5 20. gxf5 Nd7 21. Nce4 Bf6
22. Nf3 Qa5+ 23. Kf2 bxc4 24. Nfxg5 Rab8 25. Nxf6+ Rxf6 26. Rh4 Ne5 27. Rah1
Rff8 28. Rh8+ Kg7 29. R1h7+ Kf6 30. Ne4+ Kxf5 31. Kg1 Qe1+ 32. Kh2 Ng4+ 0-1

[Event "European Blitz 2016"]
[Site "Tallinn EST"]
[Date "2016.12.17"]
[Round "11.21"]
[White "Anton Guijarro, David"]
[Black "Potapov, Pavel"]
[Result "1-0"]
[WhiteTitle "GM"]
[BlackTitle "GM"]
[WhiteElo "2650"]
[BlackElo "2493"]
[WhiteFideId "2285525"]
[BlackFideId "4169786"]
[EventDate "2016.12.17"]

1. d4 f5 2. c4 Nf6 3. Nc3 d6 4. Nf3 g6 5. g3 Bg7 6. Bg2 O-O 7. O-O c6 8. d5 e5
9. dxe6 Bxe6 10. b3 Qe7 11. Ng5 Nbd7 12. Bb2 Ne5 13. Nxe6 Qxe6 14. e3 Rad8 15.
Qc2 Rfe8 16. Rad1 g5 17. Ne2 Ne4 18. f3 Nc5 19. Nd4 Qg6 20. Nxf5 b6 21. g4 Bf6
22. h3 Re6 23. Rf2 a5 24. Nd4 Qxc2 25. Rxc2 Ree8 26. Nxc6 Nxc6 27. Bxf6 Rd7 28.
Bxg5 Nb4 29. Rcd2 a4 30. bxa4 Nxa4 31. Rxd6 Rxd6 32. Rxd6 Nc2 33. f4 Nxe3 34.
Bc6 Ra8 1-0

[Event "European Blitz 2016"]
[Site "Tallinn EST"]
[Date "2016.12.17"]
[Round "11.22"]
[White "Jovanovic, Zoran"]
[Black "Monroy, Charles"]
[Result "1-0"]
[WhiteTitle "GM"]
[BlackTitle "IM"]
[WhiteElo "2534"]
[BlackElo "2416"]
[WhiteFideId "14505320"]
[BlackFideId "621641"]
[EventDate "2016.12.17"]

1. e4 c5 2. Nc3 a6 3. g3 b5 4. Bg2 Bb7 5. Nge2 e6 6. O-O Nf6 7. d3 d6 8. h3 Qc7
9. f4 Nc6 10. Be3 Be7 11. Qd2 O-O 12. g4 Rae8 13. g5 Nd7 14. Ng3 Nd4 15. Nce2
Nxe2+ 16. Qxe2 d5 17. h4 f6 18. Qg4 Bd8 19. Rae1 dxe4 20. dxe4 Kh8 21. g6 f5 22.
Qh3 h6 23. exf5 exf5 24. Bxb7 Qxb7 25. Bd2 Rxe1 26. Rxe1 Qc6 27. h5 Nf6 28. Qg2
Qd7 29. Bc3 Ng4 30. Qe2 Bh4 31. Kg2 b4 32. Be5 Qd5+ 33. Kh3 Bxg3 34. Kxg3 Qxa2
35. Bxg7+ Kxg7 36. Qe7+ Rf7 37. gxf7 Qxf7 38. Re6 Qxe7 39. Rxe7+ Kf8 40. Rc7 Nf6
41. Kf3 Nxh5 42. Rxc5 Ng7 43. Rc6 1-0

[Event "European Blitz 2016"]
[Site "Tallinn EST"]
[Date "2016.12.17"]
[Round "11.23"]
[White "Neiksans, Arturs"]
[Black "Loginov, Valery A"]
[Result "1-0"]
[WhiteTitle "GM"]
[BlackTitle "GM"]
[WhiteElo "2631"]
[BlackElo "2486"]
[WhiteFideId "11601388"]
[BlackFideId "4126297"]
[EventDate "2016.12.17"]

1. e4 c5 2. Nf3 d6 3. Bb5+ Bd7 4. c4 Nc6 5. d4 cxd4 6. Nxd4 Nf6 7. Nc3 g6 8. f3
Bg7 9. Be3 O-O 10. O-O a6 11. Bxc6 bxc6 12. c5 Rb8 13. cxd6 exd6 14. Rf2 Qc7 15.
Rc1 c5 16. Nb3 Be6 17. Rd2 Rfd8 18. Bf4 Nh5 19. Bxd6 Rxd6 20. Rxd6 Be5 21. Rd2
Bxh2+ 22. Kf1 Bc4+ 23. Ne2 Ng3+ 24. Kf2 Bxe2 25. Rxe2 Nxe2 26. Qxe2 Qg3+ 27. Kf1
Qh4 28. Qf2 Bg3 29. Qxc5 h5 30. Ke2 Qf4 31. Qe3 Qf6 32. Qc3 Be5 33. Qd3 Bxb2 34.
Rc7 Be5 35. Rc5 h4 36. Qc4 Qg5 37. Kf1 h3 38. gxh3 Qg3 39. Rc8+ Rxc8 40. Qxc8+
Kg7 41. Qg4 Qh2 42. Qg2 Qf4 43. Qf2 a5 44. Nxa5 Qc1+ 45. Kg2 Qc3 46. Nb3 Bf4 47.
Qe2 Qf6 48. Kf1 Qg5 49. Nd4 Qh5 50. Qg2 Qc5 51. Ne2 Be3 52. f4 Qc2 53. Qf3 Bc5
54. e5 Qxa2 55. Kg2 Qc2 56. h4 Qf5 57. Ng3 Qc2+ 58. Kh3 Qc1 59. h5 Qb1 60. Ne4
Be7 61. hxg6 fxg6 62. Ng3 Qb5 63. Qg4 Qd3 64. Qe6 Kf8 65. Qc8+ Kg7 66. Qc6 Kf7
67. Qe4 Qxe4 68. Nxe4 Ke6 69. Kg4 Bd8 70. Ng5+ Kd5 71. Nf7 Be7 72. Ng5 Bd8 73.
Nf3 Ke4 74. Nd2+ Kd5 75. Nf3 Ke4 76. Nd2+ Kd5 77. Nf1 g5 78. fxg5 Bxg5 79. Kf5
Bd8 80. Ne3+ Kd4 81. Ng4 Kd5 82. Nf6+ Kd4 83. Nd7 Kd5 84. Nf6+ 1-0

[Event "European Blitz 2016"]
[Site "Tallinn EST"]
[Date "2016.12.17"]
[Round "11.24"]
[White "Martinovic, Sasa"]
[Black "Onischuk, Vladimir"]
[Result "1-0"]
[WhiteTitle "GM"]
[BlackTitle "GM"]
[WhiteElo "2550"]
[BlackElo "2601"]
[WhiteFideId "14509792"]
[BlackFideId "14114038"]
[EventDate "2016.12.17"]

1. d4 d6 2. e4 Nf6 3. Nc3 g6 4. g3 Bg7 5. Bg2 O-O 6. Nge2 e5 7. h3 Nc6 8. Be3
exd4 9. Nxd4 Re8 10. O-O Bd7 11. Kh2 a6 12. a4 Nb4 13. Qd2 c5 14. Nde2 Bc6 15.
Nd5 Nxe4 16. Bxe4 Rxe4 17. Nxb4 Rxb4 18. c3 Rxa4 19. Rad1 Qe8 20. Qxd6 b6 21.
Nf4 Re4 22. Nd5 Re6 23. Qf4 Bxd5 24. Rxd5 Rd8 25. Rfd1 Rxd5 26. Rxd5 h5 27. Qc7
Qe7 28. Rd8+ Kh7 29. Rd7 Qe8 30. Rxf7 Qg8 31. Rd7 Rf6 32. Kg1 Qf8 33. Bf4 Kh8
34. Be5 1-0

[Event "European Blitz 2016"]
[Site "Tallinn EST"]
[Date "2016.12.17"]
[Round "11.25"]
[White "Novikov, Stanislav"]
[Black "Matlakov, Maxim"]
[Result "1-0"]
[WhiteTitle "GM"]
[BlackTitle "GM"]
[WhiteElo "2513"]
[BlackElo "2694"]
[WhiteFideId "4125371"]
[BlackFideId "4168003"]
[EventDate "2016.12.17"]

1. e4 c5 2. Nf3 Nc6 3. Bb5 g6 4. O-O Bg7 5. c3 Nf6 6. Re1 O-O 7. e5 Nd5 8. d4
cxd4 9. cxd4 d6 10. Nc3 Nxc3 11. bxc3 Bg4 12. exd6 exd6 13. h3 Bf5 14. Bg5 Qc7
15. Qd2 a6 16. Bf1 Rac8 17. Bh6 Na5 18. Bxg7 Kxg7 19. Qf4 Rce8 20. Rac1 b5 21.
d5 Qc5 22. Qb4 Nb7 23. a4 Bd7 24. axb5 axb5 25. Nd4 Qxd5 26. Bxb5 Bxb5 27. Qxb5
Nc5 28. Rxe8 Rxe8 29. Qxe8 1-0

[Event "European Blitz 2016"]
[Site "Tallinn EST"]
[Date "2016.12.17"]
[Round "11.26"]
[White "Fridman, Daniel"]
[Black "Kantans, Toms"]
[Result "0-1"]
[WhiteTitle "GM"]
[BlackTitle "IM"]
[WhiteElo "2596"]
[BlackElo "2454"]
[WhiteFideId "11600454"]
[BlackFideId "11602945"]
[EventDate "2016.12.17"]

1. Nf3 Nf6 2. c4 c5 3. Nc3 Nc6 4. g3 g6 5. Bg2 Bg7 6. O-O O-O 7. d4 d5 8. dxc5
dxc4 9. Qa4 Qa5 10. Qxc4 Be6 11. Qh4 Qxc5 12. Bh6 Bf5 13. e4 Bd7 14. Ng5 Nh5 15.
Bxg7 Kxg7 16. Rad1 Rad8 17. Rd5 Qb6 18. g4 h6 19. gxh5 hxg5 20. Qxg5 Qxb2 21.
Qg3 Be6 22. Rb5 Qc2 23. Nd5 Rd7 24. Rb3 Rh8 25. hxg6 fxg6 26. Rc3 Qxa2 27. Rxc6
bxc6 28. Qe5+ Kf7 29. Qxh8 cxd5 30. Qh7+ Kf8 31. Rc1 Rb7 32. exd5 Bf5 33. d6 Qd2
34. Rf1 Rd7 35. dxe7+ Rxe7 36. Qh8+ Kf7 37. Qh7+ Kf8 38. Qh8+ Kf7 39. h4 a5 40.
h5 gxh5 41. Qxh5+ Kf6 42. Qh4+ Qg5 43. Qd4+ Kg6 44. Rc1 Be4 45. Qd6+ Kf7 46. f3 0-1

[Event "European Blitz 2016"]
[Site "Tallinn EST"]
[Date "2016.12.17"]
[Round "11.27"]
[White "Turov, Maxim"]
[Black "Pohjala, Henri"]
[Result "0-1"]
[WhiteTitle "GM"]
[BlackTitle "FM"]
[WhiteElo "2594"]
[BlackElo "2382"]
[WhiteFideId "4120086"]
[BlackFideId "506478"]
[EventDate "2016.12.17"]

1. d4 d5 2. c4 c6 3. Nc3 Nf6 4. e3 a6 5. Nf3 e6 6. Qc2 Nbd7 7. b3 b6 8. Bb2 Bb7
9. Bd3 dxc4 10. bxc4 c5 11. d5 exd5 12. cxd5 Bd6 13. a4 O-O 14. O-O Re8 15. e4
Qc7 16. h3 Rac8 17. Nd2 Be5 18. Nc4 Bd4 19. Kh1 Ne5 20. Nxe5 Qxe5 21. f4 Qh5 22.
Rae1 Rcd8 23. Qb3 Bc8 24. f5 Qh4 25. Ne2 Bxb2 26. Qxb2 Nxe4 27. Kh2 0-1

[Event "European Blitz 2016"]
[Site "Tallinn EST"]
[Date "2016.12.17"]
[Round "11.28"]
[White "Lovkov, Roman"]
[Black "Grandelius, Nils"]
[Result "0-1"]
[WhiteTitle "IM"]
[BlackTitle "GM"]
[WhiteElo "2433"]
[BlackElo "2643"]
[WhiteFideId "4157389"]
[BlackFideId "1710400"]
[EventDate "2016.12.17"]

1. d4 Nf6 2. c4 e6 3. g3 d5 4. Nf3 Bb4+ 5. Bd2 Bd6 6. Bg2 c6 7. Qc2 Nbd7 8. O-O
O-O 9. b4 Qe7 10. c5 Bc7 11. Bc3 e5 12. dxe5 Nxe5 13. Nbd2 Bg4 14. Qb2 Rfe8 15.
Nd4 Qd7 16. Rfe1 h5 17. N4f3 Qe7 18. Kf1 Rad8 19. Bd4 Qe6 20. Nxe5 Bxe5 21. Bxe5
Qxe5 22. Qxe5 Rxe5 23. Nb3 h4 24. f3 Bc8 25. Kf2 Rde8 26. e3 g5 27. g4 Bxg4 28.
fxg4 Nxg4+ 29. Kg1 Nxe3 30. Bh1 f5 31. Nd4 g4 32. Re2 f4 33. h3 f3 34. Rf2 Re4
35. Nb3 Rf8 36. Re1 d4 37. Nd2 Ref4 38. hxg4 Rxg4+ 39. Kh2 Rg3 40. Rxf3 Ng4# 0-1

[Event "European Blitz 2016"]
[Site "Tallinn EST"]
[Date "2016.12.17"]
[Round "11.29"]
[White "Cherepov, Alexej"]
[Black "Bologan, Victor"]
[Result "0-1"]
[BlackTitle "GM"]
[WhiteElo "2106"]
[BlackElo "2640"]
[WhiteFideId "13503650"]
[BlackFideId "13900048"]
[EventDate "2016.12.17"]

1. d4 Nf6 2. c4 e6 3. g3 d5 4. Nf3 Bb4+ 5. Bd2 Be7 6. Bg2 O-O 7. O-O c6 8. Qc2
b6 9. Rd1 Nbd7 10. b3 a5 11. Bf4 Ba6 12. Nbd2 Nh5 13. Be3 Rc8 14. Ne5 Nhf6 15.
Bf4 c5 16. dxc5 Bxc5 17. Nd3 Bd4 18. Rac1 e5 19. e3 exf4 20. exd4 fxg3 21. hxg3
Re8 22. Re1 Rxe1+ 23. Rxe1 Nf8 24. Ne5 Ne6 25. Ndf3 dxc4 26. bxc4 Bxc4 27. Nxc4
b5 28. Qf5 bxc4 29. Rd1 c3 30. d5 c2 31. Rc1 Qxd5 32. Ne1 Qd2 33. Rxc2 Qxe1+ 34.
Kh2 Rxc2 35. Qxc2 Ng4+ 36. Kh3 Nxf2+ 37. Kh2 g6 38. a4 Qe3 39. Bd5 Ng4+ 40. Kg2
Qe5 0-1

[Event "European Blitz 2016"]
[Site "Tallinn EST"]
[Date "2016.12.17"]
[Round "11.30"]
[White "Zhigalko, Sergei"]
[Black "Rigopoulos-Tsigkos, Alexandros"]
[Result "1-0"]
[WhiteTitle "GM"]
[WhiteElo "2671"]
[BlackElo "2111"]
[WhiteFideId "13502956"]
[BlackFideId "4215109"]
[EventDate "2016.12.17"]

1. e4 c5 2. Nf3 e6 3. c3 d5 4. e5 Ne7 5. d4 Nd7 6. Bd3 Nc6 7. O-O Be7 8. Re1 g5
9. dxc5 Nxc5 10. Bc2 Nd7 11. Ba4 a6 12. Bxc6 bxc6 13. Nd4 Qc7 14. Qh5 Nxe5 15.
Bxg5 Ng6 16. Nd2 c5 17. Bxe7 Qxe7 18. Nf5 Qf6 19. Nd6+ Ke7 20. Qxd5 Nf4 21. Qxa8
Bd7 22. Qf3 Rg8 23. N6e4 Qf5 24. Ng3 Qg5 25. Rad1 h5 26. Nde4 Qe5 27. Nxc5 Qxc5
28. Qxf4 h4 29. Qxh4+ Ke8 30. Ne4 1-0

[Event "European Blitz 2016"]
[Site "Tallinn EST"]
[Date "2016.12.17"]
[Round "11.31"]
[White "Tomazini, Zan"]
[Black "Cvitan, Ognjen"]
[Result "0-1"]
[WhiteTitle "IM"]
[BlackTitle "GM"]
[WhiteElo "2414"]
[BlackElo "2491"]
[WhiteFideId "14608162"]
[BlackFideId "14500086"]
[EventDate "2016.12.17"]

1. e4 c5 2. c3 Nf6 3. e5 Nd5 4. d4 cxd4 5. cxd4 d6 6. Nf3 Nc6 7. Bc4 e6 8. O-O
Be7 9. Qe2 O-O 10. Nc3 Nxc3 11. bxc3 dxe5 12. dxe5 Qa5 13. Bd2 Rd8 14. Bb3 b6
15. Rfe1 Bb7 16. Qe4 Rd7 17. Qg4 Rad8 18. Bh6 g6 19. Re3 Rd3 20. Rxd3 Rxd3 21.
Bxe6 Nxe5 22. Nxe5 Qxe5 23. Bb3 Rxc3 24. Qd7 Rc8 25. Rd1 Qc7 26. Qd4 Bf8 27. Bf4
Qe7 28. h3 Bg7 29. Qd2 h5 30. Bg5 Bf6 31. Bxf6 Qxf6 32. Qd7 Ba6 33. Rd6 Rc1+ 34.
Rd1 Rxd1+ 35. Qxd1 Qe7 36. Qd5 Bb7 37. Qd4 Bc8 38. Kh2 Be6 39. Bc2 Qc7+ 0-1

[Event "European Blitz 2016"]
[Site "Tallinn EST"]
[Date "2016.12.17"]
[Round "11.32"]
[White "Bernotas, Arturs"]
[Black "Jankovic, Alojzije"]
[Result "1-0"]
[WhiteTitle "FM"]
[BlackTitle "GM"]
[WhiteElo "2332"]
[BlackElo "2591"]
[WhiteFideId "11601426"]
[BlackFideId "14505959"]
[EventDate "2016.12.17"]

1. e4 c5 2. Nf3 Nc6 3. Bb5 e6 4. O-O Nge7 5. d4 cxd4 6. Nxd4 Ng6 7. Be3 Be7 8.
c4 O-O 9. Nc3 Nce5 10. Qe2 Qc7 11. f4 a6 12. fxe5 axb5 13. Ndxb5 Qxe5 14. Bd4
Bc5 15. Bxc5 Qxc5+ 16. Kh1 d6 17. Rad1 Ra6 18. a3 Ne5 19. b3 Bd7 20. Qf2 Rc8 21.
Qd4 Bxb5 22. Nxb5 Rcc6 23. Qxc5 Rxc5 24. Rxd6 Rxd6 25. Nxd6 b6 26. Rd1 Kf8 27.
Nb5 Ke7 28. Kg1 Nc6 29. Kf2 Re5 30. Kf3 g5 31. h3 h5 32. Nd4 Na5 33. b4 Nxc4 34.
Nc6+ Kf6 35. Nxe5 Nxe5+ 36. Ke2 Nc4 37. a4 Ke5 38. Rd7 Kxe4 39. Rxf7 Kd5 40. Rg7
g4 41. hxg4 hxg4 42. Rxg4 Nd6 43. Kd3 e5 44. Rg5 Ne4 45. Rg8 Nf2+ 46. Ke2 Ne4
47. Ke3 Nc3 48. a5 bxa5 49. bxa5 Kc6 50. Rc8+ Kd5 1-0

[Event "European Blitz 2016"]
[Site "Tallinn EST"]
[Date "2016.12.17"]
[Round "12.1"]
[White "Bortnyk, Olexandr"]
[Black "Mamedov, Rauf"]
[Result "0-1"]
[WhiteTitle "GM"]
[BlackTitle "GM"]
[WhiteElo "2581"]
[BlackElo "2688"]
[WhiteFideId "14120828"]
[BlackFideId "13401653"]
[EventDate "2016.12.17"]

1. e4 c5 2. Nf3 Nc6 3. Nc3 g6 4. g3 Bg7 5. Bg2 d6 6. O-O Nf6 7. d3 O-O 8. Bg5 h6
9. Be3 e5 10. h3 Nd4 11. Ne1 Be6 12. Qd2 Kh7 13. Kh2 d5 14. f4 dxe4 15. fxe5 Nd5
16. Nxe4 Nxe3 17. Qxe3 Bxe5 18. c3 Nf5 19. Qxc5 Qc7 20. Qxc7 Bxc7 21. Nf3 Rad8
22. d4 Kg7 23. Rae1 Bd5 24. Nfd2 h5 25. Kg1 Nxg3 26. Nxg3 Bxg3 27. Re7 Bd6 28.
Re3 Be6 29. a3 b6 30. Ne4 Be7 31. Nf2 0-1

[Event "European Blitz 2016"]
[Site "Tallinn EST"]
[Date "2016.12.17"]
[Round "12.2"]
[White "Andreikin, Dmitry"]
[Black "Castellanos Rodriguez, Renier"]
[Result "1-0"]
[WhiteTitle "GM"]
[BlackTitle "IM"]
[WhiteElo "2737"]
[BlackElo "2491"]
[WhiteFideId "4158814"]
[BlackFideId "3404650"]
[EventDate "2016.12.17"]

1. d4 Nf6 2. c4 e6 3. Nf3 b6 4. a3 Bb7 5. Nc3 d5 6. cxd5 exd5 7. Bf4 Bd6 8. Bxd6
Qxd6 9. e3 O-O 10. Bd3 a6 11. O-O Nbd7 12. b4 g6 13. Qb3 Rfe8 14. Rfc1 Reb8 15.
Bf1 Kg7 16. a4 c6 17. a5 b5 18. Ne2 Ne4 19. Nf4 Re8 20. Nd3 Rac8 21. Ra2 Rc7 22.
Rac2 f6 23. g3 Bc8 24. Nf4 Nb8 25. Nxd5 Be6 26. Nxc7 1-0

[Event "European Blitz 2016"]
[Site "Tallinn EST"]
[Date "2016.12.17"]
[Round "12.4"]
[White "Chigaev, Maksim"]
[Black "Navara, David"]
[Result "0-1"]
[WhiteTitle "GM"]
[BlackTitle "GM"]
[WhiteElo "2531"]
[BlackElo "2725"]
[WhiteFideId "4108116"]
[BlackFideId "309095"]
[EventDate "2016.12.17"]

1. e4 c6 2. d4 d5 3. e5 Bf5 4. h4 Qb6 5. g4 Bd7 6. h5 c5 7. dxc5 Qb4+ 8. Nd2
Bxg4 9. c3 Bxd1 10. cxb4 Bg4 11. Ngf3 e6 12. Nd4 Nc6 13. Bb5 Ne7 14. Rh4 Bf5 15.
N2b3 a6 16. Ba4 O-O-O 17. Bxc6 Nxc6 18. Nxc6 bxc6 19. Bg5 Re8 20. Nd4 Kd7 21. h6
gxh6 22. Bxh6 Rg8 23. O-O-O Rg4 24. Rh2 Bxh6+ 25. Rxh6 Bg6 26. f3 Rf4 27. a3 f6
28. exf6 e5 29. Ne2 Rxf3 30. Nc3 Ke6 31. Re1 Rxf6 32. Rh2 Ref8 33. Rhe2 e4 34.
Kd2 Ke5 35. Na4 d4 36. Nb6 e3+ 37. Kc1 Rf1 38. Nd7+ Ke4 39. Nxf8 Rxf8 40. Rh2 d3
41. Rh4+ Rf4 42. Rxf4+ Kxf4 43. Rf1+ Kg3 44. Rh1 Kg2 0-1

[Event "European Blitz 2016"]
[Site "Tallinn EST"]
[Date "2016.12.17"]
[Round "12.5"]
[White "Ruck, Robert"]
[Black "Andriasian, Zaven"]
[Result "1/2-1/2"]
[WhiteTitle "GM"]
[BlackTitle "GM"]
[WhiteElo "2561"]
[BlackElo "2621"]
[WhiteFideId "705713"]
[BlackFideId "13302000"]
[EventDate "2016.12.17"]

1. Nf3 d5 2. g3 Nf6 3. Bg2 c6 4. O-O Bg4 5. c4 Nbd7 6. d3 e6 7. cxd5 exd5 8. Nc3
Bd6 9. e4 dxe4 10. dxe4 Ne5 11. Bf4 Nxf3+ 12. Bxf3 Bxf4 13. gxf4 Qxd1 14. Bxd1
O-O-O 15. e5 Bxd1 16. Raxd1 Nh5 17. Ne4 Nxf4 18. Nd6+ Kc7 19. Nxf7 Rxd1 20. Rxd1
Re8 21. Re1 h6 22. Re4 Ne6 23. h4 Rf8 24. Nd6 c5 25. Kg2 Kc6 26. Kg3 g5 27. hxg5
hxg5 28. f3 Nd4 29. Kg4 Ne6 30. Nc4 b5 31. Ne3 c4 32. a4 a6 33. axb5+ axb5 34.
Nc2 Kc5 35. Ne3 Kc6 36. Nc2 Kd5 37. Ne1 Nd4 38. Re3 Ke6 39. Kxg5 Rf5+ 40. Kg4
Rxe5 41. Rxe5+ Kxe5 42. Kg3 b4 43. Kf2 Kf4 44. Ng2+ Ke5 45. Ne1 b3 46. Ke3 Nf5+
47. Kd2 Kd4 48. f4 Nh4 49. f5 Nxf5 50. Nf3+ Kc5 51. Ng5 Nd6 52. Ne6+ Kb4 53. Nf4
Ne4+ 54. Kc1 Nf2 55. Nd5+ Kc5 56. Nf4 Kd4 57. Ne2+ Ke3 58. Nc3 Nd3+ 59. Kb1 Nb4
60. Nb5 Kd3 61. Kc1 Nd5 62. Kb1 Kd2 63. Nd6 Ne3 64. Ne4+ Kd3 65. Nc5+ Kd4 66.
Na4 Nd5 67. Kc1 Nb4 68. Nb6 Nd3+ 69. Kb1 Ne5 70. Nc8 c3 71. bxc3+ Kxc3 72. Nd6
Nf3 73. Ne4+ Kb4 74. Kb2 Ne5 75. Nd2 Nd3+ 76. Kb1 b2 77. Kc2 Nc5 78. Kxb2 1/2-1/2

[Event "European Blitz 2016"]
[Site "Tallinn EST"]
[Date "2016.12.17"]
[Round "12.6"]
[White "Halkias, Stelios"]
[Black "Ponkratov, Pavel"]
[Result "1/2-1/2"]
[WhiteTitle "GM"]
[BlackTitle "GM"]
[WhiteElo "2585"]
[BlackElo "2607"]
[WhiteFideId "4201809"]
[BlackFideId "4157800"]
[EventDate "2016.12.17"]

1. Nf3 Nf6 2. d4 c5 3. d5 b5 4. Bg5 Qb6 5. Bxf6 Qxf6 6. e4 Na6 7. c3 Nc7 8. a4
b4 9. Bc4 Ba6 10. Qe2 g5 11. e5 Qg6 12. e6 Bxc4 13. exd7+ Kxd7 14. Ne5+ Ke8 15.
Nxc4 Nxd5 16. Ne5 Qe6 17. O-O Bg7 18. Qb5+ Kf8 19. Nd7+ Kg8 20. Nxc5 Qb6 21. Qc4
e6 22. Nd2 Rc8 23. cxb4 Qxb4 24. Qxb4 Nxb4 25. Nce4 h6 26. Rac1 Kh7 27. b3 f5
28. Nd6 Rxc1 29. Rxc1 Rd8 30. N2c4 Bf8 31. Nb7 Rd3 32. Ne5 Rxb3 33. Rc7+ Kg8 34.
g3 Nd5 35. Rd7 Nf6 36. Rc7 Rb1+ 37. Kg2 Rb2 38. Ng6 Ng4 39. Nd8 Rxf2+ 40. Kg1
Re2 41. Rc8 Bg7 42. Nxe6+ Kf7 43. Nxg7 Kxg6 44. Ne8 Ne3 45. Rc6+ Kf7 46. Nd6+
Ke7 47. Nc4 Rg2+ 48. Kh1 Rc2 49. Ne5 Ra2 50. h3 Rxa4 51. Rxh6 Re4 52. Nc6+ Kf7
53. Rh7+ Kg6 54. Rxa7 Re6 55. Nd4 Rd6 56. Ra4 Rb6 57. Kg1 Rb2 58. Ra6+ Kf7 59.
g4 f4 60. Nf5 Nd5 61. Nd6+ Ke7 62. Nf5+ Kf7 63. Nd6+ Kf8 64. Ne4 f3 65. Ra3 Nf4
66. Rxf3 Kg7 67. Nxg5 Ne2+ 68. Kf1 Nd4 69. Re3 Kg6 70. Nf3 Nb3 71. Re6+ Kf7 72.
Ng5+ Kg7 73. h4 Nd2+ 74. Kg1 Rb4 75. Re7+ Kf6 76. Re6+ Kg7 77. Re7+ Kf8 78. Re2
Rxg4+ 79. Kf2 Nc4 80. Nf3 Rf4 81. Kg3 Rf7 82. Kg4 Rg7+ 83. Ng5 Ra7 84. Rf2+ Kg8
85. Re2 Ra4 86. Kh5 Ra6 87. Re7 Rc6 88. Kg4 Ra6 89. h5 Ra4 90. Kf5 Ra5+ 91. Kf6
Ra6+ 92. Ne6 Ne3 93. Kg6 Ra8 94. h6 Nd5 95. Rg7+ Kh8 96. Rf7 Rg8+ 97. Ng7 Rd8
98. Ne6 Rg8+ 99. Ng7 Rd8 100. Nf5 Rg8+ 101. Rg7 Nf4+ 102. Kf7 Ra8 103. Nh4 Ra7+
104. Kf6 Ra6+ 105. Kf5 Rxh6 106. Rg4 1/2-1/2

[Event "European Blitz 2016"]
[Site "Tallinn EST"]
[Date "2016.12.17"]
[Round "12.7"]
[White "Vallejo Pons, Francisco"]
[Black "Marin, Mihail"]
[Result "1/2-1/2"]
[WhiteTitle "GM"]
[BlackTitle "GM"]
[WhiteElo "2711"]
[BlackElo "2539"]
[WhiteFideId "2205530"]
[BlackFideId "1200020"]
[EventDate "2016.12.17"]

1. d4 Nf6 2. c4 e6 3. g3 c5 4. d5 exd5 5. cxd5 d6 6. Nc3 g6 7. Bg2 Bg7 8. Nf3
O-O 9. O-O Re8 10. Bf4 Na6 11. Re1 Bg4 12. Nd2 Nh5 13. Be3 Nc7 14. a4 Rxe3 15.
fxe3 Qe7 16. Nc4 a6 17. Bf3 Bh3 18. Ne4 Rd8 19. a5 Nb5 20. Nf2 Bd7 21. e4 Nf6
22. Qd3 Nd4 23. Bg2 Bb5 24. Rac1 Nd7 25. Qa3 Bxc4 26. Rxc4 Ne5 27. Rcc1 h5 28.
Qe3 Kh7 29. Qa3 Bh6 30. e3 Ndf3+ 31. Bxf3 Nxf3+ 32. Kg2 Nxe1+ 33. Rxe1 Bg7 34.
Qb3 Rb8 35. Re2 Qc7 36. Qc4 b5 37. axb6 Rxb6 38. Nd3 Qe7 39. b4 cxb4 40. Nxb4
Qb7 41. Nc6 Rb2 42. h4 Bh6 43. Kf3 Rb1 44. Kg2 Rb2 45. e5 dxe5 46. e4 Rb1 47.
Nxe5 Qb6 48. Rf2 Bg7 49. Nxf7 Qe3 50. Ng5+ Kh6 51. Nf7+ Kh7 52. Ng5+ Kh6 53.
Nf7+ Kh7 1/2-1/2